| 000 | nam a22 7a 4500 | ||
|---|---|---|---|
| 999 |
_c29995 _d29995 |
||
| 008 | 181129b xxu||||| |||| 00| 0 eng d | ||
| 020 | _a9788122423877 | ||
| 050 |
_aQA76.58 _bB48 2009 |
||
| 100 | _aBhujade Moreshwar R | ||
| 245 | _aParallel computing / | ||
| 250 | _a2nd ed. | ||
| 260 |
_aTunbridge Wells, UK : _bNew Age Science, _c©2009. |
||
| 300 |
_ax, 278 p. : _b ill. ; _c25 cm |
||
| 500 | _aInclude index | ||
| 650 | _aParallel processing (Electronic computers) | ||
| 942 |
_2lcc _cBOOKS _hQA76.58 .B48 2009 |
||